قانون تنظيم الجامعات ولائحته التنفيذية وفقا لآخر التعديلات / (Record no. 16413)
[ view plain ]
| 000 -الفاتح | |
|---|---|
| حقل البيانات ثابتة الطول | 01669nam a22002537a 4500 |
| 005 - وقت وتاريخ اخر تعامل مع التسجيلة | |
| رقم الضبط | 20120208115843.0 |
| 008 - عناصر البيانات ثابتة الطول - معلومات عامة | |
| حقل البيانات ثابتة الطول | 120208s2009 ua|||||r||||o00| 0 ara d |
| 082 ## - رقم تصنيف ديوى العشرى | |
| رقم الطبعة | 22 |
| رقم التصنيف | 344.074 |
| رقم المادة | ب ك ر |
| 100 ## - المدخل الرئيسى - إسم شخصى | |
| 9 (RLIN) | 28697 |
| الإسم الشخصى | بكري، عادل عبدالتواب |
| 245 ## - بيان العنوان | |
| العنوان | قانون تنظيم الجامعات ولائحته التنفيذية وفقا لآخر التعديلات / |
| بيان المسئوليه,etc | اعداد ومراجعة عادل عبدالتواب بكري، ثروت سعد زغلول. |
| 250 ## - بيان الطبعة | |
| بيان الطبعة | ط. 28. |
| 260 ## - PUBLICATION, DISTRIBUTION, ETC. (IMPRINT) | |
| مكان الناشر او الموزع | القاهرة : |
| اسم الناشر او الموزع | وزارة التجارة والصناعة، |
| تاريخ النشر أو التوزيع | 2009. |
| 300 ## - الوصف المادى | |
| التعداد | 495 ص. ؛ |
| أبعاد الوعاء | 24 سم. |
| 504 ## - تبصرة ببليوجرافية | |
| تبصرة ببليوجرافية,الخ | يشتمل على ارجاعات ببليوجرافية |
| 650 ## - المدخل الاضافى بالموضوع-مصطلح موضوعى | |
| 9 (RLIN) | 26837 |
| مصطلح موضوعي أو اسم جغرافي كعنصر مدخل | الجامعات والكليات |
| التقسيم الفرعي الجغرافي | مصر |
| 650 ## - المدخل الاضافى بالموضوع-مصطلح موضوعى | |
| 9 (RLIN) | 28698 |
| مصطلح موضوعي أو اسم جغرافي كعنصر مدخل | الجامعات والكليات |
| التقسيم الفرعي العام | قوانين وتشريعات |
| 653 ## - مصطلح تكشيفى غير مقيد | |
| Resource For college | |
| Arrived date list | February2011 |
| 700 ## - المدخل الاضافى - اسم شخصى | |
| 9 (RLIN) | 28699 |
| الإسم الشخصى | زغلول، ثروت سعد |
| 942 ## - عناصر المدخل الإضافي( كوها) | |
| مصدر التصنيف او مخطط الترفيف | Dewey Decimal Classification |
| Koha [default] item type | Book - Borrowing |
| حالة التراجع | حالة الفقد | مصدر التصنيف او خطة الترفيف | حالة تلف | ليس للاعارة | مجموعات كوها | المكان الدائم | المكان الحالي | موقع الترفيف | تاريخ الاكتساب | Source of acquisition | سعر الشراء الطبيعي | رقم الاستدعاء | الباركود | Date last seen | مُعار | نوع الوعاء | Date last checked out | التكلفة |
|---|---|---|---|---|---|---|---|---|---|---|---|---|---|---|---|---|---|---|
| Dewey Decimal Classification | المطابع الأميرية | Central Library | Central Library | First floor | 08/02/2012 | 25.00 | 344.074 ب ك ر | 000026016 | 15/07/2025 | 09/09/2014 | Book - Borrowing | |||||||
| Dewey Decimal Classification | المطابع الأميرية | Central Library | Central Library | First floor | 08/02/2012 | 25.00 | 344.074 ب ك ر | 000026022 | 08/02/2012 | 08/02/2012 | Book - Borrowing | 29/02/2012 | ||||||
| Lost and Paid For | Dewey Decimal Classification | المطابع الأميرية | Central Library | Central Library | First floor | 08/02/2012 | 25.00 | 344.074 ب ك ر | 000026023 | 21/07/2014 | 21/07/2014 | Book - Borrowing | 25.00 | |||||
| Dewey Decimal Classification | المطابع الأميرية | Central Library | Central Library | First floor | 08/02/2012 | 25.00 | 344.074 ب ك ر | 000026024 | 15/07/2025 | 09/09/2014 | Book - Borrowing |